000 01594nam a2200253 a 4500
001 77915
003 BD-RjUL
005 20211209083050.0
008 210210s2001 bg ||||| m||| 00| 0 ben d
035 _a(BD-RjUL)78141
040 _aBD-RjUL
_bben /eng
_cBD-RjUL
_dBD-RjUL
041 _aben
082 _a297.77095492
_bUDB 2001
_223
100 _aউদ্দীন, মুহাম্মদ নিজাম
_9244685
245 1 0 _aবাংলাদেশে ইসলামী শিক্ষার ইতিহাস (১৯৭১-১৯৯০) /
_cমুহাম্মদ নিজাম উদ্দীন ;
_6তত্ত্বাবধায়ক : মুহাম্মদ শফিকুল্লাহ
260 _aরাজশাহী :
_bইসলামিক স্টাডিজ বিভাগ, রাজশাহী বিশ্ববিদ্যালয়,
_c২০০১
300 _aviii, ৩৩০ পাতা ;
_c২৯ সেমি.
502 _aথিসিস (এম. ফিল.) -- ইসলামিক স্টাডিজ বিভাগ, রাজশাহী বিশ্ববিদ্যালয়, ২০০১
504 _aগ্রন্থপঞ্জি : পাতা [৩১৮]-৩৩০
650 _aইসলামী শিক্ষা
_xইতিহাস
_zবাংলাদেশ
_v১৯৭১-১৯৯০
_9244686
650 _aIslamic Education
_xHistroy
_zBangladesh
_v1971-1990
_9244687
700 _aশফিকুল্লাহ, মুহাম্মদ, তত্ত্বাবধায়ক
_9124762
942 _2ddc
_cTHE
999 _c77915
_d77915